01460nmm a2200193 a 4500001001500000005001700015008004100032100001900073245019000092260003300282300003100315490002900346500001800375520066500393830002901058856008201087999001701169952008001186ASINB00AXDJGMM20140924184946.0140924s2009 xxu eng d1 aTalbot, Fiona.10aHow to write effective business englishh[electronic resource] :bthe essential toolkit for composing powerful letters, emails and more, for today's business needs :b1 /cFiona Talbot. a[S.l.] :bKogan Page,c2009. a1 online resource (152 p.)1 aBetter business english. aKindle eBook. aHow to Write Effective Business English gives guidance to both native and non-native English writers on how to create clear messages and understand how English is used internationally in business today. It may mean un-learning things you were taught at school. The book is aimed at those beginning to use English at work and assumes you know it to intermediate level. It uses real life business scenarios to develop your skills and give answers even your boss may not know. You will learn a system to help you quickly and easily write emails, letters, CVs and more - and benefit from checklists for action to take you to the next level in the cycle of success. 0aBetter business english.403Amazon.comuhttp://www.amazon.com/exec/obidos/ASIN/B00AXDJGMM/chopaconline-20 c10334d10334 00104070aSLELCbSLELCd2014-09-24l0oTALpD929r2014-09-24 00:00:00yBK